| 000 | 00000nam##2200000za#4500 |
| 001 | 9.698091 |
| 003 | CaOODSP |
| 005 | 20210624235755 |
| 007 | cr ||||||||||| |
| 008 | 150407|1999||||xxc|||||o f|0| 0 eng|d |
| 040 | |aCaOODSP|beng |
| 043 | |an-cn--- |
| 086 | 1 |aP35-120/1999E-PDF |
| 110 | 1 |aCanada. |bPublic Works and Government Services Canada. |
| 245 | 10|aEnsuring access : |h[electronic resource]|bthe duty to accommodate |
| 260 | |aOttawa - Ontario : |bPublic Works and Government Services Canada |cDecember 1999. |
| 300 | |a8p.|bfigs., photographs |
| 500 | |aThe catalogue number (P35-120/1999) and ISBN (0-662-64622-3) for the bilingual print edition have been incorrectly copied in this electronic publication. |
| 590 | |a13-16-Supp|b2013-07-12 |
| 690 | 07|aBarrier free access|2gcpds |
| 690 | 07|aGovernment policy|2gcpds |
| 775 | 08|tAccessibilité : |w(CaOODSP)9.642086 |
| 776 | 0#|tEnsuring access: the duty to accommodate |w(CaOODSP)9.661463 |
| 776 | 0#|tAccessibilité: l'obligation d'accommoder |w(CaOODSP)9.661464 |
| 856 | 40|ahttp://publications.gc.ca|qPDF|s242 KB|uhttps://publications.gc.ca/collections/Collection/P35-120-1999E.pdf |